Звукоподражание в современном английском языке; Прогрессивные технологии и экономика в машиностроении

التفاصيل البيبلوغرافية
Parent link:Прогрессивные технологии и экономика в машиностроении.— 2013.— [С. 514-516]
المؤلف الرئيسي: Богданова О. М.
مؤلف مشترك: Национальный исследовательский Томский политехнический университет (ТПУ) Юргинский технологический институт (филиал) (ЮТИ) Кафедра гуманитарного образования и иностранных языков (ГОИЯ)
مؤلفون آخرون: Шевень Е. С. (научный руководитель), Мельникова Е. В. Елена Владимировна
الملخص:Заглавие с экрана
اللغة:الروسية
منشور في: 2013
سلاسل:Актуальные вопросы прикладной филологии в техническом ВУЗе
الموضوعات:
الوصول للمادة أونلاين:http://www.lib.tpu.ru/fulltext/c/2013/C57/232.pdf
التنسيق: الكتروني فصل الكتاب
KOHA link:https://koha.lib.tpu.ru/cgi-bin/koha/opac-detail.pl?biblionumber=606677

MARC

LEADER 00000naa2a2200000 4500
001 606677
005 20260304113921.0
035 |a (RuTPU)RU\TPU\conf\4056 
035 |a RU\TPU\conf\4055 
090 |a 606677 
100 |a 20140606d2013 k y0rusy50 ca 
101 0 |a rus 
102 |a RU 
135 |a drcn ---uucaa 
181 0 |a i  
182 0 |a b 
200 1 |a Звукоподражание в современном английском языке  |f О. М. Богданова, Е. С. Шевень  |g науч. рук. Е. В. Мельникова 
203 |a Текст  |c электронный 
215 |a 1 файл(299 Кб) 
225 1 |a Актуальные вопросы прикладной филологии в техническом ВУЗе 
300 |a Заглавие с экрана 
320 |a [Библиогр.: с. 516 (4 назв.)] 
337 |a Adobe Reader 
463 1 |0 (RuTPU)RU\TPU\conf\2057  |t Прогрессивные технологии и экономика в машиностроении  |o сборник трудов IV Всероссийской научно-практической конференции с элементами научной школы для студентов и учащейся молодежи, 4-6 апреля 2013 года, Юрга  |f Национальный исследовательский Томский политехнический университет (ТПУ), Юргинский технологический институт (ЮТИ) ; отв. за вып. Д. А. Чинахов  |v [С. 514-516]  |d 2013 
610 1 |a электронный ресурс 
610 1 |a труды учёных ТПУ 
610 1 |a звукоподражание 
610 1 |a современный мир 
610 1 |a английский язык 
700 1 |a Богданова  |b О. М. 
701 1 |a Шевень  |b Е. С. 
702 1 |a Мельникова  |b Е. В.  |c лингвист  |c старший преподаватель Юргинского технологического института (филиала) Томского политехнического университета  |f 1972-  |g Елена Владимировна  |4 727  |9 10993 
712 0 2 |a Национальный исследовательский Томский политехнический университет (ТПУ)  |b Юргинский технологический институт (филиал) (ЮТИ)  |b Кафедра гуманитарного образования и иностранных языков (ГОИЯ)  |3 (RuTPU)RU\TPU\col\18978 
801 1 |a RU  |b 63413507  |c 20101016 
801 2 |a RU  |b 63413507  |c 20140606  |g RCR 
856 4 |u http://www.lib.tpu.ru/fulltext/c/2013/C57/232.pdf 
942 |c CF